书目信息 |
| 题名: |
Linux服务器配置与管理实训教程
|
|
| 作者: | 伍技祥 主编 | |
| 分册: | ||
| 出版信息: | 北京 中国水利水电出版社 2014 |
|
| 页数: | 157页 | |
| 开本: | 26cm | |
| 丛书名: | ||
| 单 册: | ||
| 中图分类: | TP316.85 , TP316.89 | |
| 科图分类: | ||
| 主题词: | Linux操作系统--教材--高等职业教育--网络服务器 , Linux操作系统 , 网络服务器 | |
| 电子资源: | ||
| ISBN: | 978-7-5170-2127-8 | |
| 000 | 01158nam0 2200265 450 | |
| 001 | 3167 | |
| 005 | 20161208084128.06 | |
| 010 | @a978-7-5170-2127-8@dCNY22.00 | |
| 100 | @a20140904d2014 em y0chiy50 ea | |
| 101 | 0 | @achi |
| 102 | @aCN@b110000 | |
| 105 | @ay z 000yy | |
| 200 | 1 | @aLinux服务器配置与管理实训教程@9Linux fu wu qi pei zhi yu guan li shi xun jiao cheng@f伍技祥主编 |
| 210 | @a北京@c中国水利水电出版社@d2014 | |
| 215 | @a157页@d26cm | |
| 300 | @a高职高专教育“十二五”规划教材 | |
| 330 | @a本书以red hat培训课程为体系来组织教学内容和案例,主要内容包括:CentOS 6.4系统的安装、Yum仓库的建立与命令的使用、Samba服务器的安装与配置、NFS服务器的安装与配置、MySQL数据库的安装与使用、FTP服务器的安装与配置、DHCP服务器的安装与配置、DNS服务器的安装与配置、Web服务器的安装与配置、邮件服务器的安装与配置、防火墙的安装与配置、代理服务器的安装与配置。 | |
| 606 | 0 | @aLinux操作系统@j教材@x高等职业教育@x网络服务器 |
| 606 | 0 | @aLinux操作系统 |
| 606 | 0 | @a网络服务器 |
| 690 | @aTP316.85@v5 | |
| 690 | @aTP316.89@v4 | |
| 701 | 0 | @a伍技祥@9wu ji xiang@4主编 |
| 801 | 0 | @aCN@b大连网信软件有限公司图书馆·11@c20161208 |
| 905 | @aZUCC@dTP316.85@e809 | |
| Linux服务器配置与管理实训教程/伍技祥主编.-北京:中国水利水电出版社,2014 |
| 157页;26cm |
| 高职高专教育“十二五”规划教材 |
| ISBN 978-7-5170-2127-8:CNY22.00 |
| 本书以red hat培训课程为体系来组织教学内容和案例,主要内容包括:CentOS 6.4系统的安装、Yum仓库的建立与命令的使用、Samba服务器的安装与配置、NFS服务器的安装与配置、MySQL数据库的安装与使用、FTP服务器的安装与配置、DHCP服务器的安装与配置、DNS服务器的安装与配置、Web服务器的安装与配置、邮件服务器的安装与配置、防火墙的安装与配置、代理服务器的安装与配置。 |
| ● |
| 相关链接 |
|
|
|
|
正题名:Linux服务器配置与管理实训教程
索取号:TP316.85/809
 
预约/预借
| 序号 | 登录号 | 条形码 | 馆藏地/架位号 | 状态 | 备注 |
| 1 | 911945 | 209119452 | 第二样本阅览室/ [索取号:TP316.85/809] | 在馆 | |
| 2 | 911946 | 209119461 | 密集书库—计算机科学学院/ [索取号:TP316.85/809] | 在馆 | |
| 3 | 911947 | 209119470 | 第三借阅区/ [索取号:TP316.85/809] | 在馆 |